Cultura Geral - Statistics

Estatísticas Gerais
  • Esse quiz foi jogado 28 vezes
  • A pontuação média é 9 de 15
Estatísticas das Respostas
Hint Resposta % Correto
Como se chama o rato mais famoso da Disney? Mickey
100%
Onde foram inventadas a pólvora, o papel, a bússola e a prensa tipográfica? China
96%
Que país tem como capital Terão? Irão
79%
Qual é o nome da água que foi abençoada por um padre? Água benta
75%
Que cantora conhecida é filha do cantor Billy Ray Cyrus? Miley Cyrus
75%
Qual país teve mais mortes no tsunami de 2004? Indonésia
71%
Como é mais conhecido o Bispo de Roma? Papa
71%
Que primeira-dama argentina era conhecida como "Evita"? Eva Péron
50%
Qual é a palavra francesa para caracol? Escargot
46%
O nome oficial de qual país é a República da China? Taiwan
46%
Que flor aquática é sagrada para o budismo e o hinduísmo? Lótus
42%
Quem canta a música My Way? Frank Sinatra
38%
Que famosa estrada os Beatles atravessaram em 1969? Abbey Road
33%
Que edifício londrino serviu de local para muitas coroações e enterros reais? Abadia de Westminster
25%
Que transtorno de personalidade é caracterizado pela busca destrutiva de excitação e falta de empatia? Psicopatia
17%
Nenhum quiz correspondente encontrado
Distribuição das Pontuações
Porcentagem de Pessoas com Cada Pontuação
Percentil de Números Respondidos
Sua Pontuação Histórica
Você não jogou esse quiz